Koučovanie v sociálnej praxi

Koučovanie, kouč, koučovaný - vymedzenie pojmov. Koučovanie v manažmente. Koučovanie v sociálnej práci. Koučovanie nie je len prístup.

Salvato in:
Dettagli Bibliografici
Autore principale: Hvastová, Jozefína, 1969-
Natura: Capitolo di libro
Lingua:slovacco
Soggetti:
Tags: Aggiungi Tag
Nessun Tag, puoi essere il primo ad aggiungerne!!

MARC

LEADER 00000naa a2200000 4500
001 0144255
005 20240502072603.0
041 0 |a slo 
044 |a SK 
245 1 0 |a Koučovanie v sociálnej praxi  |c Jozefína Hvastová 
520 |a Koučovanie, kouč, koučovaný - vymedzenie pojmov. Koučovanie v manažmente. Koučovanie v sociálnej práci. Koučovanie nie je len prístup. 
610 2 0 |a koučovanie 
610 2 0 |a manažment 
610 2 0 |a práca sociálna 
100 1 |a Hvastová, Jozefína, 1969-